[Event "Znojmo op-A"]
[Site "Znojmo"]
[Date "1997.??.??"]
[Round "?"]
[White "Dvorak, Tomas"]
[Black "Bilek, Roman"]
[Result "1-0"]
[WhiteElo "1925"]
[BlackElo "1855"]
[PlyCount "63"]
[EventDate "1997.??.??"]
[Source "ChessBase"]
[SourceDate "1997.11.17"]

1. e4 e5 2. Nf3 Nc6 3. Bb5 a6 4. Ba4 Nf6 5. O-O Be7 6. Re1 b5 7. Bb3 O-O 8. c3
d5 9. exd5 Nxd5 10. Nxe5 Nxe5 11. Rxe5 c6 12. Bxd5 cxd5 13. d4 Bd6 14. Re1 Qh4
15. g3 Qh3 16. Qf3 Bg4 17. Qg2 Qh5 18. f4 Kh8 19. Be3 f5 20. Nd2 g5 21. Qf2
Rae8 22. fxg5 h6 23. Bf4 Bxf4 24. Qxf4 hxg5 25. Qf2 f4 26. Rxe8 Rxe8 27. Re1
Be2 28. gxf4 gxf4 29. Qxf4 Qg6+ 30. Kh1 Rg8 31. Qe5+ Rg7 32. Qxe2 1-0

[Event "Znojmo op-A"]
[Site "Znojmo"]
[Date "1997.??.??"]
[Round "?"]
[White "Dvorak, Tomas"]
[Black "Dolezal, Jiri"]
[Result "1/2-1/2"]
[WhiteElo "1925"]
[BlackElo "1820"]
[PlyCount "92"]
[EventDate "1997.??.??"]
[Source "ChessBase"]
[SourceDate "1997.11.17"]

1. e4 e5 2. Nf3 Nf6 3. Nxe5 d6 4. Nf3 Nxe4 5. Nc3 Nxc3 6. dxc3 Be7 7. Bd3 Bg4
8. h3 Bd7 9. O-O O-O 10. Bf4 Nc6 11. Re1 Bf6 12. Qd2 Qc8 13. Re3 Bf5 14. Rae1
a6 15. R3e2 Qd7 16. Nd4 Nxd4 17. cxd4 Bxd3 18. Qxd3 Rfe8 19. c3 g6 20. Bg3 Bg7
21. Qf3 Rxe2 22. Rxe2 d5 23. Qg4 f5 24. Qg5 Re8 25. Rxe8+ Qxe8 26. Bxc7 Kf7 27.
Bg3 Bf6 28. Qf4 Qe1+ 29. Kh2 Qe7 30. Qb8 Qd7 31. Bf4 Bd8 32. Be5 Ke6 33. f4 Ke7
34. a3 Qc6 35. a4 Kd7 36. b4 Ke7 37. a5 Qd7 38. Qa7 Ke6 39. Qc5 Be7 40. Qb6+
Kf7 41. Kg3 Qc8 42. Kh2 Qd7 43. Kg3 Bd8 44. Qc5 Be7 45. Qb6 Qc8 46. Kh2 Qd7
1/2-1/2

[Event "Znojmo op-A"]
[Site "Znojmo"]
[Date "1997.??.??"]
[Round "?"]
[White "Dvorak, Tomas"]
[Black "Vlk, Miroslav"]
[Result "1/2-1/2"]
[WhiteElo "1925"]
[BlackElo "1635"]
[PlyCount "58"]
[EventDate "1997.??.??"]
[Source "ChessBase"]
[SourceDate "1997.11.17"]

1. e4 e6 2. d4 d5 3. Nc3 dxe4 4. Nxe4 Nd7 5. Nf3 Ngf6 6. Bd3 Be7 7. O-O O-O 8.
c3 c5 9. Qc2 h6 10. Rd1 Qc7 11. dxc5 Nxe4 12. Bxe4 Bxc5 13. Nd4 Nf6 14. Bf3 Bd7
15. Nb3 Bb6 16. Qe2 Bc6 17. Bxc6 Qxc6 18. Bf4 Rfd8 19. Be5 Ne8 20. h3 Bc7 21.
Bd4 Bb6 22. Rd2 Bxd4 23. Rxd4 Rxd4 24. Nxd4 Qb6 25. Rd1 Rd8 26. Nb3 Rxd1+ 27.
Qxd1 Nf6 28. Qd3 e5 29. Qf5 Qc7 1/2-1/2

[Event "Znojmo op-A"]
[Site "Znojmo"]
[Date "1997.??.??"]
[Round "?"]
[White "Dvorak, Tomas"]
[Black "Zdenek, Petr"]
[Result "0-1"]
[WhiteElo "1925"]
[BlackElo "2145"]
[PlyCount "118"]
[EventDate "1997.??.??"]
[Source "ChessBase"]
[SourceDate "1997.11.17"]

1. e4 c5 2. Nf3 Nc6 3. d4 cxd4 4. Nxd4 g6 5. Be3 Nf6 6. f3 Bg7 7. c3 O-O 8. Bc4
d5 9. exd5 Nxd5 10. Nxc6 bxc6 11. Bf2 Bf5 12. O-O Qb8 13. Qb3 Nb6 14. Bg3 Be5
15. f4 Bf6 16. Be2 Rd8 17. Na3 Rd2 18. Bf3 Qe8 19. Rfd1 Rad8 20. Be1 Be6 21.
Qb4 Rxd1 22. Bxd1 Nd5 23. Qa4 Rb8 24. Bb3 Qd7 25. Rd1 Qb7 26. Bf2 Nb6 27. Bxb6
Qxb6+ 28. Kh1 Bxb3 29. axb3 Qxb3 30. Qxb3 Rxb3 31. Nc4 Rb5 32. Ra1 Rc5 33. Ne3
e5 34. Ng4 Kg7 35. fxe5 Bxe5 36. Rxa7 Bf4 37. g3 Bc1 38. Rb7 Rb5 39. Rxb5 cxb5
40. b3 f5 41. Ne5 Bb2 42. Kg2 Bxc3 43. Nd3 Kf6 44. Kf3 Bd4 45. g4 fxg4+ 46.
Kxg4 Ke6 47. Kf3 Kf5 48. Nb4 g5 49. h3 h5 50. Nc6 Bc5 51. b4 Bb6 52. Ne7+ Ke5
53. Ke2 Ke6 54. Ng6 Bc7 55. Nf8+ Kf7 56. Nh7 Bf4 57. Kf3 Bc1 58. Ke4 g4 59.
hxg4 hxg4 0-1

[Event "Znojmo op-A"]
[Site "Znojmo"]
[Date "1997.??.??"]
[Round "?"]
[White "Fuchs, Ludek"]
[Black "Dvorak, Tomas"]
[Result "0-1"]
[WhiteElo "1840"]
[BlackElo "1925"]
[PlyCount "30"]
[EventDate "1997.??.??"]
[Source "ChessBase"]
[SourceDate "1997.11.17"]

1. e4 e5 2. Nf3 Nc6 3. d4 exd4 4. Nxd4 Qf6 5. Be3 Bc5 6. c3 Nge7 7. Be2 O-O 8.
O-O d5 9. Nb5 Bxe3 10. fxe3 Qe5 11. exd5 Nxd5 12. Rf3 Nxe3 13. Qd3 Nd5 14. c4
Nf4 15. Qe3 Nxe2+ 0-1

[Event "Znojmo op-A"]
[Site "Znojmo"]
[Date "1997.??.??"]
[Round "?"]
[White "Fuchs, Ludek"]
[Black "Molik, Zdenek"]
[Result "0-1"]
[WhiteElo "1840"]
[BlackElo "2075"]
[PlyCount "50"]
[EventDate "1997.??.??"]
[Source "ChessBase"]
[SourceDate "1997.11.17"]

1. e4 e5 2. Nf3 Nc6 3. d4 exd4 4. Nxd4 Nf6 5. Nxc6 bxc6 6. e5 Qe7 7. Qe2 Nd5 8.
c4 Ba6 9. Nd2 Nb6 10. b3 O-O-O 11. Bb2 d5 12. exd6 Qxe2+ 13. Bxe2 cxd6 14.
O-O-O d5 15. Bg4+ Kb7 16. Nf3 f6 17. cxd5 Nxd5 18. a3 Bd6 19. Nd4 Nf4 20. Ne6
Nxe6 21. Bxe6 Rhe8 22. Bc4 Bxc4 23. bxc4 Re2 24. Rhf1 Kc7 25. Rd3 Bf4+ 0-1

[Event "Znojmo op-A"]
[Site "Znojmo"]
[Date "1997.??.??"]
[Round "?"]
[White "Fuchs, Ludek"]
[Black "Vlacil, Vladimir"]
[Result "1/2-1/2"]
[WhiteElo "1840"]
[BlackElo "1985"]
[PlyCount "72"]
[EventDate "1997.??.??"]
[Source "ChessBase"]
[SourceDate "1997.11.17"]

1. d4 Nf6 2. c4 e6 3. Nc3 d5 4. Bg5 Nbd7 5. Nf3 c6 6. e3 Qa5 7. cxd5 exd5 8.
Nd2 Bb4 9. Qc2 O-O 10. h4 Re8 11. h5 h6 12. Bf4 Nf8 13. f3 Ne6 14. O-O-O Nxf4
15. exf4 Bxc3 16. bxc3 Re3 17. Bd3 Bf5 18. Nb3 Qa3+ 19. Kb1 Bxd3 20. Rxd3 Rae8
21. Rxe3 Rxe3 22. Qd2 Qe7 23. Nc1 Nd7 24. Nd3 Re2 25. Re1 Rxe1+ 26. Nxe1 Nb6
27. g4 Nc4 28. Qf2 Qa3 29. Qc2 Qd6 30. Qf5 Qd8 31. Kc1 Qe8 32. Nc2 Nd6 33. Qe5
Qd8 34. g5 Nc4 35. Qf5 Nd6 36. Qe5 Nc4 1/2-1/2

[Event "Znojmo op-A"]
[Site "Znojmo"]
[Date "1997.??.??"]
[Round "?"]
[White "Fuchs, Ludek"]
[Black "Vlk, Miroslav"]
[Result "1-0"]
[WhiteElo "1840"]
[BlackElo "1635"]
[PlyCount "37"]
[EventDate "1997.??.??"]
[Source "ChessBase"]
[SourceDate "1997.11.17"]

1. d4 d5 2. c4 e6 3. Nc3 c6 4. Nf3 Nf6 5. Bg5 Nbd7 6. e3 Bb4 7. cxd5 exd5 8.
Bd3 O-O 9. O-O Re8 10. a3 Bxc3 11. bxc3 h6 12. Bh4 Qa5 13. c4 Ne4 14. Qc2 Ndf6
15. Ne5 Be6 16. f3 Nd2 17. Be1 dxc4 18. Bxc4 Bxc4 19. Nxc4 1-0

[Event "Znojmo op-A"]
[Site "Znojmo"]
[Date "1997.??.??"]
[Round "?"]
[White "Hadac, Pavel Sr"]
[Black "Adam, Petr"]
[Result "0-1"]
[WhiteElo "1920"]
[BlackElo "2100"]
[PlyCount "80"]
[EventDate "1997.??.??"]
[Source "ChessBase"]
[SourceDate "1997.11.17"]

1. e4 c5 2. Nf3 e6 3. d4 cxd4 4. Nxd4 a6 5. Be3 Nf6 6. Nc3 Bb4 7. f3 d5 8. e5
Nfd7 9. f4 Nc6 10. a3 Be7 11. Qd2 Qc7 12. Be2 g6 13. g4 Bh4+ 14. Kf1 Be7 15.
Kg2 Nb6 16. b3 Bd7 17. Bd3 f6 18. exf6 Bxf6 19. Nce2 e5 20. fxe5 Bxe5 21. h3
O-O-O 22. Raf1 Rde8 23. Nxc6 Bxc6 24. Nd4 Nc4 25. bxc4 dxc4+ 26. Nxc6 Qxc6+ 27.
Kg1 cxd3 28. cxd3 Kb8 29. Rc1 Qf3 30. Qf2 Qd5 31. d4 Bd6 32. Bf4 Rhf8 33. Bxd6+
Qxd6 34. Qh2 Rf4 35. Rd1 g5 36. h4 Rxg4+ 37. Kf1 Rf4+ 38. Kg1 gxh4 39. Qa2 Rg4+
40. Kf1 Rf8+ 0-1

[Event "Znojmo op-A"]
[Site "Znojmo"]
[Date "1997.??.??"]
[Round "?"]
[White "Hadac, Pavel Sr"]
[Black "Malijevsky, Alexandr"]
[Result "1-0"]
[WhiteElo "1920"]
[BlackElo "1990"]
[PlyCount "91"]
[EventDate "1997.??.??"]
[Source "ChessBase"]
[SourceDate "1997.11.17"]

1. e4 c5 2. Nf3 Nc6 3. d4 cxd4 4. Nxd4 Nf6 5. Nc3 e5 6. Ndb5 d6 7. Bg5 a6 8.
Bxf6 gxf6 9. Na3 f5 10. Bd3 Rg8 11. g3 b5 12. Nd5 Be6 13. c3 Bxd5 14. exd5 Ne7
15. Nc2 Bg7 16. O-O Qd7 17. Be2 f4 18. Re1 Bh6 19. a4 Nf5 20. Bg4 Kf8 21. axb5
a5 22. Bxf5 Qxf5 23. Qe2 Kg7 24. g4 Kh8 25. f3 Qd7 26. Kg2 f5 27. h3 Bg5 28.
Rg1 Bh4 29. c4 Rae8 30. Rxa5 fxg4 31. hxg4 e4 32. Ra3 exf3+ 33. Qxf3 Rxg4+ 34.
Kf1 Rg3 35. Rxg3 Bxg3 36. Kg2 Qe7 37. Qc3+ Kg8 38. Nd4 Qe4+ 39. Nf3 Qe2+ 40.
Kh3 Qf1+ 41. Kg4 h5+ 42. Kg5 Qh3 43. Ra7 Qg4+ 44. Kh6 Re6+ 45. dxe6 Qxe6+ 46.
Kxh5 1-0

[Event "Znojmo op-A"]
[Site "Znojmo"]
[Date "1997.??.??"]
[Round "?"]
[White "Hadac, Pavel Sr"]
[Black "Obrdlik, Rostislav"]
[Result "1/2-1/2"]
[WhiteElo "1920"]
[BlackElo "1970"]
[PlyCount "31"]
[EventDate "1997.??.??"]
[Source "ChessBase"]
[SourceDate "1997.11.17"]

1. e4 e6 2. d4 d5 3. Nc3 dxe4 4. Nxe4 Bd7 5. Bd3 Bc6 6. c3 Nd7 7. Ne2 Ngf6 8.
N2g3 Be7 9. O-O Nxe4 10. Nxe4 Nf6 11. Qc2 Nxe4 12. Bxe4 Bxe4 13. Qxe4 c6 14.
Qg4 O-O 15. a4 Bf6 16. g3 1/2-1/2

[Event "Znojmo op-A"]
[Site "Znojmo"]
[Date "1997.??.??"]
[Round "?"]
[White "Hadac, Pavel Sr"]
[Black "Talpa, Pavel"]
[Result "1-0"]
[WhiteElo "1920"]
[BlackElo "1825"]
[PlyCount "67"]
[EventDate "1997.??.??"]
[Source "ChessBase"]
[SourceDate "1997.11.17"]

1. e4 c6 2. d4 d5 3. exd5 cxd5 4. Bd3 Nc6 5. Ne2 Nf6 6. O-O e6 7. c3 Be7 8. Nd2
O-O 9. Ng3 e5 10. dxe5 Nxe5 11. Bc2 b6 12. Nb3 Bg4 13. f3 Bd7 14. Nd4 Bc5 15.
Kh1 Re8 16. b4 Bf8 17. Ndf5 a5 18. bxa5 Rxa5 19. Nd4 Qc7 20. Bd2 Nc4 21. Bg5
Ne3 22. Qd3 Nxc2 23. Nxc2 Bb5 24. Qd4 Bc5 25. Qh4 Be7 26. Rfe1 Ra4 27. Nd4 Bd3
28. Bxf6 gxf6 29. Qh6 Kh8 30. Ndf5 Bxf5 31. Nxf5 Rg8 32. Rxe7 Qxc3 33. Rc1 Qb2
34. Re2 1-0

[Event "Znojmo op-A"]
[Site "Znojmo"]
[Date "1997.??.??"]
[Round "?"]
[White "Hadac, Pavel Sr"]
[Black "Vecera, Pavel"]
[Result "1-0"]
[WhiteElo "1920"]
[BlackElo "2160"]
[PlyCount "85"]
[EventDate "1997.??.??"]
[Source "ChessBase"]
[SourceDate "1997.11.17"]

1. e4 c5 2. Nf3 d6 3. d4 cxd4 4. Nxd4 Nf6 5. Nc3 Nc6 6. Be3 e6 7. f3 Be7 8. Qd2
O-O 9. O-O-O Nxd4 10. Bxd4 e5 11. Be3 Be6 12. g4 a6 13. h4 Kh8 14. g5 Nh5 15.
Rg1 Qa5 16. Kb1 Rac8 17. Nd5 Qxd2 18. Rxd2 Bxd5 19. Rxd5 f5 20. exf5 Rc6 21.
Bh3 Rc4 22. Rg4 Nf4 23. Bxf4 Rxf4 24. Rxf4 exf4 25. Rd4 h6 26. gxh6 gxh6 27.
Rxf4 Rg8 28. c3 Rg1+ 29. Kc2 Rh1 30. f6 Bxf6 31. Rxf6 Kg7 32. Bg2 Rh2 33. Rxd6
Rxg2+ 34. Kb3 Rh2 35. Rb6 Rxh4 36. Rxb7+ Kg8 37. Ra7 h5 38. Rxa6 Rf4 39. Rh6 h4
40. a4 Kg7 41. Rh5 Kg6 42. Rh8 Kg7 43. Rd8 1-0

[Event "Znojmo op-A"]
[Site "Znojmo"]
[Date "1997.??.??"]
[Round "?"]
[White "Jandovsky, Viktor"]
[Black "Amerling, Miroslav"]
[Result "1/2-1/2"]
[WhiteElo "2150"]
[BlackElo "2005"]
[PlyCount "38"]
[EventDate "1997.??.??"]
[Source "ChessBase"]
[SourceDate "1997.11.17"]

1. e4 c5 2. Nf3 Nc6 3. Bb5 g6 4. O-O Bg7 5. Bxc6 dxc6 6. h3 Nf6 7. Re1 O-O 8.
Nc3 Qc7 9. d3 e5 10. Be3 b6 11. Qd2 Re8 12. a4 a5 13. Bh6 Bh8 14. Nh2 Nh5 15.
Ne2 Qe7 16. Bg5 f6 17. Be3 Bd7 18. Nf1 Ng7 19. f3 Qf7 1/2-1/2

[Event "Znojmo op-A"]
[Site "Znojmo"]
[Date "1997.??.??"]
[Round "?"]
[White "Jandovsky, Viktor"]
[Black "Dvorak, Libor"]
[Result "1/2-1/2"]
[WhiteElo "2150"]
[BlackElo "1965"]
[PlyCount "44"]
[EventDate "1997.??.??"]
[Source "ChessBase"]
[SourceDate "1997.11.17"]

1. e4 c5 2. Nf3 d6 3. d4 cxd4 4. Nxd4 Nf6 5. Nc3 g6 6. g3 Bg7 7. Bg2 O-O 8. O-O
Nc6 9. Nde2 Be6 10. h3 Rc8 11. Re1 Qa5 12. Nf4 Ne5 13. Re2 Bc4 14. Rd2 Rfd8 15.
Ncd5 Nxd5 16. Nxd5 Bxd5 17. Rxd5 Qb6 18. c3 Nc4 19. Qb3 Qc7 20. Bf1 a6 21. Bxc4
Qxc4 22. Qxc4 Rxc4 1/2-1/2

[Event "Znojmo op-A"]
[Site "Znojmo"]
[Date "1997.??.??"]
[Round "?"]
[White "Jandovsky, Viktor"]
[Black "Jurica, Peter"]
[Result "1/2-1/2"]
[WhiteElo "2150"]
[BlackElo "2155"]
[PlyCount "56"]
[EventDate "1997.??.??"]
[Source "ChessBase"]
[SourceDate "1997.11.17"]

1. e4 Nf6 2. e5 Nd5 3. d4 d6 4. Nf3 Bg4 5. Be2 c6 6. c4 Nb6 7. Nbd2 dxe5 8.
Nxe5 Bxe2 9. Qxe2 e6 10. O-O Be7 11. Ndf3 O-O 12. b3 N8d7 13. Bb2 Qc7 14. h3
Rad8 15. Rfd1 Rfe8 16. Rd3 c5 17. Rad1 cxd4 18. Bxd4 Nf8 19. Qd2 Ng6 20. Nxg6
hxg6 21. Qe3 Nc8 22. Qe5 Qxe5 23. Nxe5 Bf6 24. Ng4 Be7 25. Ne5 Rd6 26. Kf1 Red8
27. Ke2 Bf6 28. Nf3 Bxd4 1/2-1/2

[Event "Znojmo op-A"]
[Site "Znojmo"]
[Date "1997.??.??"]
[Round "?"]
[White "Jandovsky, Viktor"]
[Black "Mucha, Karel"]
[Result "1-0"]
[WhiteElo "2150"]
[BlackElo "1930"]
[PlyCount "81"]
[EventDate "1997.??.??"]
[Source "ChessBase"]
[SourceDate "1997.11.17"]

1. e4 e5 2. Nf3 Nc6 3. Nc3 d6 4. h3 Nf6 5. d3 g6 6. Bg5 h6 7. Be3 Bg7 8. Qd2
Be6 9. Be2 Qd7 10. d4 exd4 11. Nxd4 Nxd4 12. Bxd4 a6 13. f4 Qe7 14. O-O c5 15.
Be3 O-O-O 16. Bf3 Bd7 17. Rae1 Bc6 18. b3 Qc7 19. Nd5 Bxd5 20. exd5 Nd7 21. c4
f5 22. Bf2 Bf6 23. Re6 Rhe8 24. Rfe1 Rg8 25. Kh2 Kb8 26. R1e2 Rdf8 27. Qe1 Qb6
28. Re8+ Bd8 29. Rxf8 Nxf8 30. Re8 Qc7 31. b4 b6 32. bxc5 bxc5 33. Be3 Ka7 34.
Bd2 Bf6 35. Bd1 Qg7 36. Ba4 g5 37. Bc6 Ng6 38. Qe6 Rf8 39. Qc8 Rxe8 40. Qxe8
Bc3 41. Bxc3 1-0

[Event "Znojmo op-A"]
[Site "Znojmo"]
[Date "1997.??.??"]
[Round "?"]
[White "Jandovsky, Viktor"]
[Black "Vesely, Martin"]
[Result "1/2-1/2"]
[WhiteElo "2150"]
[BlackElo "1860"]
[PlyCount "22"]
[EventDate "1997.??.??"]
[Source "ChessBase"]
[SourceDate "1997.11.17"]

1. e4 c6 2. d4 d5 3. exd5 cxd5 4. c4 Nf6 5. Nc3 Be6 6. c5 g6 7. Nf3 Bg7 8. h3
O-O 9. Bd3 Nc6 10. Be3 Bf5 11. Bxf5 gxf5 1/2-1/2

[Event "Znojmo op-A"]
[Site "Znojmo"]
[Date "1997.??.??"]
[Round "?"]
[White "Jurica, Peter"]
[Black "Adam, Petr"]
[Result "0-1"]
[WhiteElo "2155"]
[BlackElo "2100"]
[PlyCount "90"]
[EventDate "1997.??.??"]
[Source "ChessBase"]
[SourceDate "1997.11.17"]

1. Nf3 c5 2. g3 b6 3. Bg2 Bb7 4. O-O e6 5. e3 Nf6 6. d4 Be7 7. c4 O-O 8. Nc3
cxd4 9. exd4 Qc8 10. Qa4 d5 11. cxd5 Nxd5 12. Nxd5 Bxd5 13. Bf4 Qb7 14. Rfc1
Bxf3 15. Rc7 Bxg2 16. Rxb7 Bxb7 17. Rc1 Bd5 18. Rc7 Bf6 19. Rxa7 b5 20. Qa3
Rxa7 21. Qxa7 Nc6 22. Qb6 Nxd4 23. Be3 Nf3+ 24. Kg2 Bxb2 25. a4 Ne5+ 26. Kg1
Nc4 27. Qxb5 Nxe3 28. Qxb2 Nc4 29. Qb4 Rc8 30. Kf1 h6 31. Ke2 Ne5 32. f4 Nc6
33. Qc5 Rb8 34. f5 Rb2+ 35. Ke3 Rxh2 36. Qb5 Ra2 37. fxe6 fxe6 38. Kf4 Ra3 39.
Kg4 Kh7 40. Qb1+ Kg8 41. Qb5 Rb3 42. Qa6 Ne5+ 43. Kh3 Rb2 44. Qd6 Bg2+ 45. Kh4
g5+ 0-1

[Event "Znojmo op-A"]
[Site "Znojmo"]
[Date "1997.??.??"]
[Round "?"]
[White "Jurica, Peter"]
[Black "Skaroupka, Jiri"]
[Result "0-1"]
[WhiteElo "2155"]
[BlackElo "2105"]
[PlyCount "48"]
[EventDate "1997.??.??"]
[Source "ChessBase"]
[SourceDate "1997.11.17"]

1. Nf3 Nf6 2. d4 g6 3. g3 Bg7 4. Bg2 O-O 5. O-O d6 6. Nbd2 Nbd7 7. e4 c5 8. c3
b6 9. e5 dxe5 10. dxe5 Nd5 11. e6 fxe6 12. Ng5 Ne5 13. c4 h6 14. Ngf3 Nd3 15.
cxd5 exd5 16. Qc2 c4 17. Nh4 g5 18. Ng6 Rf6 19. Bxd5+ Kh7 20. Bxa8 Bh3 21. Bg2
Bxg2 22. Kxg2 Rxf2+ 23. Kh3 g4+ 24. Kh4 Bf6+ 0-1

[Event "Znojmo op-A"]
[Site "Znojmo"]
[Date "1997.??.??"]
[Round "?"]
[White "Krouzel, Jaroslav"]
[Black "Amerling, Miroslav"]
[Result "1/2-1/2"]
[WhiteElo "2315"]
[BlackElo "2005"]
[PlyCount "60"]
[EventDate "1997.??.??"]
[Source "ChessBase"]
[SourceDate "1997.11.17"]

1. d4 Nf6 2. c4 c5 3. d5 b5 4. a4 bxc4 5. Nc3 g6 6. e4 d6 7. f4 Bg7 8. Nf3 O-O
9. Bxc4 Ba6 10. Qe2 Qc8 11. e5 Bxc4 12. Qxc4 Ne8 13. O-O Nd7 14. Qe2 Nc7 15.
exd6 exd6 16. Qe7 Rb8 17. f5 Rb6 18. Qh4 Rb4 19. Qh3 Ne5 20. Nxe5 Bxe5 21. Bh6
Rxb2 22. Bxf8 Qxf8 23. fxg6 hxg6 24. Ne4 Qd8 25. Qf3 f5 26. Ng3 Qh4 27. Rad1
Ne8 28. Rfe1 Bd4+ 29. Kh1 Nf6 30. h3 Rf2 1/2-1/2

[Event "Znojmo op-A"]
[Site "Znojmo"]
[Date "1997.??.??"]
[Round "?"]
[White "Krouzel, Jaroslav"]
[Black "Martinec, Karel"]
[Result "1/2-1/2"]
[WhiteElo "2315"]
[BlackElo "1960"]
[PlyCount "60"]
[EventDate "1997.??.??"]
[Source "ChessBase"]
[SourceDate "1997.11.17"]

1. d4 Nf6 2. c4 e6 3. Nc3 d5 4. Nf3 Be7 5. Bg5 O-O 6. e3 b6 7. Bd3 Bb7 8. O-O
Nbd7 9. Rc1 c5 10. Qe2 Rc8 11. cxd5 Nxd5 12. Bxe7 Qxe7 13. Nxd5 exd5 14. dxc5
bxc5 15. Rfd1 Rfd8 16. Qc2 g6 17. Qa4 a6 18. Qf4 Qf6 19. Qh6 Ne5 20. Ng5 Qg7
21. Qh4 h6 22. Nf3 Nxd3 23. Rxd3 Qxb2 24. Rdc3 d4 25. exd4 Bxf3 26. gxf3 Rxd4
27. Qxh6 Qxa2 28. Rxc5 Rxc5 29. Rxc5 Rd1+ 30. Kg2 Qe6 1/2-1/2

[Event "Znojmo op-A"]
[Site "Znojmo"]
[Date "1997.??.??"]
[Round "?"]
[White "Krouzel, Jaroslav"]
[Black "Vlacil, Vladimir"]
[Result "1-0"]
[WhiteElo "2315"]
[BlackElo "1985"]
[PlyCount "83"]
[EventDate "1997.??.??"]
[Source "ChessBase"]
[SourceDate "1997.11.17"]

1. d4 d5 2. Nf3 Nf6 3. e3 Bg4 4. c4 e6 5. Be2 Be7 6. Qb3 b6 7. Nc3 O-O 8. O-O
Nc6 9. Qa4 Nb8 10. h3 Bh5 11. g4 Bg6 12. Ne5 Be4 13. f3 Bg6 14. h4 h6 15. Nxg6
fxg6 16. Qc2 g5 17. hxg5 hxg5 18. Kg2 Kf7 19. Bd3 Bd6 20. Bg6+ Ke7 21. e4 dxe4
22. Bxg5 Kd7 23. Bxe4 c6 24. d5 Nxd5 25. Qd2 Nf4+ 26. Bxf4 Rxf4 27. Rad1 Ke7
28. Rh1 Bc7 29. Qxd8+ Bxd8 30. Rh8 Bc7 31. Bxc6 Nxc6 32. Rxa8 Bb8 33. b3 Rf8
34. Nb5 Rh8 35. Nd4 Kd7 36. Nf5+ Kc8 37. Nxg7 Rh2+ 38. Kg1 Rxa2 39. Nxe6 Kb7
40. Rxb8+ Kxb8 41. f4 Rb2 42. Rd3 1-0

[Event "Znojmo op-A"]
[Site "Znojmo"]
[Date "1997.??.??"]
[Round "?"]
[White "Krouzel, Jaroslav"]
[Black "Zdenek, Petr"]
[Result "0-1"]
[WhiteElo "2315"]
[BlackElo "2145"]
[PlyCount "128"]
[EventDate "1997.??.??"]
[Source "ChessBase"]
[SourceDate "1997.11.17"]

1. d4 Nf6 2. c4 d6 3. Nf3 c6 4. g3 g6 5. Bg2 Bg7 6. O-O O-O 7. Nc3 Nbd7 8. e4
e5 9. h3 Re8 10. Be3 exd4 11. Nxd4 Nc5 12. Qc2 a5 13. a3 a4 14. Rad1 Nfd7 15.
Rfe1 Qa5 16. f4 Bf8 17. Qf2 Nb6 18. Qe2 Qa6 19. Bf1 Nxe4 20. Nxe4 Rxe4 21. Qc2
Rxe3 22. Rxe3 Qa5 23. Re8 Bd7 24. Rxa8 Nxa8 25. Kh2 Nc7 26. Nf3 Na6 27. Ng5 Nc5
28. Qd2 Qc7 29. Bg2 Bf5 30. Qe2 h6 31. Nf3 Bd7 32. Nd4 Bg7 33. Kh1 h5 34. Qe7
Bf8 35. Qg5 Bg7 36. g4 hxg4 37. hxg4 Bxd4 38. Rxd4 Ne6 39. Qf6 Nxd4 40. Qxd4
Bxg4 41. Qa7 Qe7 42. Qxa4 Qh4+ 43. Kg1 Qg3 44. Kh1 Bf3 45. Bxf3 Qxf3+ 46. Kg1
Qg3+ 47. Kh1 Qe1+ 48. Kg2 Qd2+ 49. Kf3 Qxb2 50. Ke3 Qc3+ 51. Kf2 Kg7 52. Kg2
Qb2+ 53. Kf3 Qc3+ 54. Ke2 Qd4 55. Qb3 Qe4+ 56. Kd1 Qd4+ 57. Ke1 b6 58. a4 Kf6
59. Kf1 Qxf4+ 60. Kg2 Qg5+ 61. Kf3 Qc5 62. Qc3+ Ke6 63. Qe1+ Kd7 64. Qc3 Qe5
0-1

[Event "Znojmo op-A"]
[Site "Znojmo"]
[Date "1997.??.??"]
[Round "?"]
[White "Lukes, Ladislav"]
[Black "Dvorak, Tomas"]
[Result "1-0"]
[WhiteElo "2185"]
[BlackElo "1925"]
[PlyCount "85"]
[EventDate "1997.??.??"]
[Source "ChessBase"]
[SourceDate "1997.11.17"]

1. e4 e5 2. f4 d5 3. exd5 exf4 4. Nf3 Qxd5 5. Nc3 Qe6+ 6. Be2 Nf6 7. O-O Be7 8.
d4 O-O 9. Bxf4 Qb6 10. a3 Bg4 11. Qd2 Rd8 12. Be3 c5 13. d5 Nbd7 14. Rab1 Qa5
15. Kh1 Nb6 16. Rbd1 Nbd7 17. Qe1 Nf8 18. Ne5 Bxe2 19. Qxe2 Ng6 20. Nc4 Qa6 21.
a4 h6 22. b3 Nd7 23. d6 Bf6 24. Nd5 Qc6 25. Nxf6+ Nxf6 26. Bxh6 Re8 27. Qf2 Re6
28. Bc1 Rf8 29. Bb2 Nd7 30. Rde1 Rxe1 31. Rxe1 a6 32. a5 Qd5 33. h3 Qg5 34. Re4
Nf6 35. Bxf6 gxf6 36. Rg4 Qc1+ 37. Kh2 Kg7 38. Ne3 Qb2 39. Nf5+ Kh7 40. Re4 Qc3
41. Qe2 Rh8 42. Qh5+ Kg8 43. Re8+ 1-0

[Event "Znojmo op-A"]
[Site "Znojmo"]
[Date "1997.??.??"]
[Round "?"]
[White "Lukes, Ladislav"]
[Black "Vecera, Pavel"]
[Result "1/2-1/2"]
[WhiteElo "2185"]
[BlackElo "2160"]
[PlyCount "28"]
[EventDate "1997.??.??"]
[Source "ChessBase"]
[SourceDate "1997.11.17"]

1. e4 c5 2. Nf3 Nc6 3. d4 cxd4 4. Nxd4 Nf6 5. Nc3 d6 6. Bg5 e6 7. Qd2 a6 8.
O-O-O b6 9. Bf4 Bd7 10. Bg3 Rc8 11. Nb3 e5 12. f3 b5 13. Bh4 b4 14. Nd5 Nxe4
1/2-1/2

[Event "Znojmo op-A"]
[Site "Znojmo"]
[Date "1997.??.??"]
[Round "?"]
[White "Lukes, Ladislav"]
[Black "Zboril, Tomas"]
[Result "1-0"]
[WhiteElo "2185"]
[BlackElo "1965"]
[PlyCount "51"]
[EventDate "1997.??.??"]
[Source "ChessBase"]
[SourceDate "1997.11.17"]

1. e4 c5 2. Nf3 d6 3. d4 cxd4 4. Nxd4 Nf6 5. Nc3 g6 6. Be3 Bg7 7. Qd2 Nc6 8. f3
O-O 9. Bc4 Bd7 10. h4 h5 11. O-O-O Rc8 12. Bb3 Ne5 13. g4 hxg4 14. h5 gxh5 15.
Bh6 Rxc3 16. Qg5 Ne8 17. bxc3 Qc7 18. Bxg7 Nxg7 19. Rxh5 Qxc3 20. Kb1 Ng6 21.
Rhh1 e6 22. f4 Qe3 23. Qh6 Rc8 24. Qh7+ Kf8 25. f5 exf5 26. exf5 1-0

[Event "Znojmo op-A"]
[Site "Znojmo"]
[Date "1997.??.??"]
[Round "?"]
[White "Lukes, Ladislav"]
[Black "Zdenek, Petr"]
[Result "1/2-1/2"]
[WhiteElo "2185"]
[BlackElo "2145"]
[PlyCount "101"]
[EventDate "1997.??.??"]
[Source "ChessBase"]
[SourceDate "1997.11.17"]

1. e4 c5 2. Nf3 Nc6 3. d4 cxd4 4. Nxd4 g6 5. c4 Bg7 6. Be3 Nf6 7. Nc3 Ng4 8.
Qxg4 Nxd4 9. Qd1 Ne6 10. Qd2 Qa5 11. Rc1 d6 12. Be2 Bd7 13. b3 O-O 14. Nd5 Qd8
15. O-O Nc5 16. f3 a5 17. Rfd1 Bc6 18. Bd4 Bxd4+ 19. Qxd4 f6 20. Qe3 Kg7 21. a3
a4 22. b4 Nb3 23. Nf4 Qc8 24. Rc3 e5 25. Nd5 Bxd5 26. exd5 Qc7 27. c5 Nd4 28.
Bf1 Rfe8 29. Rdc1 Re7 30. h4 h5 31. Bd3 Rd8 32. f4 dxc5 33. Rxc5 Qd6 34. fxe5
fxe5 35. Rf1 Rdd7 36. Qe4 Rf7 37. Re1 Rde7 38. Rf1 Rxf1+ 39. Bxf1 Rf7 40. Bd3
b6 41. Rc8 Rf4 42. Qe3 Rxh4 43. Re8 Rg4 44. Be2 Rg3 45. Bf3 Nxf3+ 46. Kf2 h4
47. gxf3 Qxd5 48. Qxe5+ Qxe5 49. Rxe5 Rh3 50. Kg2 Rg3+ 51. Kf2 1/2-1/2

[Event "Znojmo op-A"]
[Site "Znojmo"]
[Date "1997.??.??"]
[Round "?"]
[White "Malijevsky, Alexandr"]
[Black "Dobes, Oldrich"]
[Result "1/2-1/2"]
[WhiteElo "1990"]
[BlackElo "1935"]
[PlyCount "90"]
[EventDate "1997.??.??"]
[Source "ChessBase"]
[SourceDate "1997.11.17"]

1. e4 c5 2. Nf3 Nc6 3. d4 cxd4 4. Nxd4 Nf6 5. Nc3 d6 6. Bc4 e6 7. Be3 Be7 8.
Qe2 O-O 9. O-O-O a6 10. Bb3 Bd7 11. Rhg1 b5 12. a3 Na5 13. Ba2 Rc8 14. Rd3 Nc4
15. g4 Ne5 16. g5 Nxd3+ 17. cxd3 Ne8 18. Rg3 d5 19. Bd2 g6 20. Kb1 e5 21. Nf3
dxe4 22. dxe4 Bd6 23. h4 Be6 24. Nd5 Bxd5 25. Bxd5 Nc7 26. Ba2 Ne6 27. h5 Qc7
28. Qd1 Rfd8 29. hxg6 hxg6 30. Qh1 Bf8 31. Bc3 Bg7 32. Nh4 Nf4 33. Nf5 gxf5 34.
g6 Nxg6 35. exf5 Qc6 36. Qxc6 Rxc6 37. fxg6 Rd1+ 38. Kc2 Rd7 39. Kb1 Rd1+ 40.
Kc2 Rd7 41. Bb3 Kf8 42. gxf7 Rxf7 43. Bxf7 Kxf7 44. f4 Rc4 45. fxe5 Bxe5
1/2-1/2